Navegación deportiva (Record no. 116819)

MARC details
000 -LEADER
campo de control de longitud fija 00856nam a2200205 4500
001 - NÚMERO DE CONTROL
campo de control 116819
003 - IDENTIFICADOR DE NÚMERO DE CONTROL
campo de control ES-MaACL
005 - FECHA Y HORA DE LA ÚLTIMA TRANSACCIÓN
campo de control 20230906190756.0
007 - CAMPO FIJO DE DESCRIPCIÓN FÍSICA--INFORMACIÓN GENERAL
campo de control de longitud fija t|
008 - DATOS DE LONGITUD FIJA--INFORMACIÓN GENERAL
campo de control de longitud fija 061121s1967 sp r ||||1| spa d
100 1# - ENTRADA PRINCIPAL--NOMBRE DE PERSONA
Nombre de persona Pena Cardenal, Carlos.
9 (RLIN) 90139
245 10 - MENCIÓN DEL TÍTULO
Título Navegación deportiva
Resto del título : ; Contestaciones al programa de patrones de embarcaciones deportivas de vela y a motor de segunda clase ; Reglamento simplificado de regatas ; Cómo se organiza una regata /
Mención de responsabilidad, etc. Carlos Pena Cardenal.
250 ## - MENCION DE EDICION
Mención de edición 1ª. ed.
260 ## - PUBLICACIÓN, DISTRIBUCIÓN, ETC.
Lugar de publicación, distribución, etc. Barcelona :
Nombre del editor, distribuidor, etc. Juventud,
Fecha de publicación, distribución, etc. 1967.
300 ## - DESCRIPCIÓN FÍSICA
Extensión 208 p. :
Otras características físicas il. ;
Dimensiones 22 cm.
740 0# - ENTRADA AGREGADA--TÍTULO RELACIONADO/ANALÍTICO NO CONTROLADO
Título relacionado o analítico no controlado Contestaciones al programa de patrones de embarcaciones deportivas de vela y a motor de segunda clase.
740 0# - ENTRADA AGREGADA--TÍTULO RELACIONADO/ANALÍTICO NO CONTROLADO
Título relacionado o analítico no controlado Reglamento simplificado de regatas.
740 0# - ENTRADA AGREGADA--TÍTULO RELACIONADO/ANALÍTICO NO CONTROLADO
Título relacionado o analítico no controlado Cómo se organiza una regata.
852 ## - LOCALIZACIÓN
Ubicación ES-MaACL
Número de control de estantería C-31574
Sublocalización o colección R.62243
Holdings
Estatus retirado Estado de pérdida Estado de daño No para préstamo Biblioteca de origen Biblioteca actual Ubicación en estantería Fecha de adquisición Fuente de adquisición Total de préstamos Signatura topográfica completa Código de barras Visto por última vez Precio de reemplazo Tipo de ítem Koha
        Biblioteca del Ateneo de Madrid Biblioteca del Ateneo de Madrid Depósito 2 17/01/2008     C-31574 1121806 23/02/2023 23/02/2023 Libro impreso